LEADER 01260nam--2200373---450 001 990005862460203316 005 20210205112315.0 010 $a978-88-8450-392-3 035 $a000586246 035 $aUSA01000586246 035 $a(ALEPH)000586246USA01 035 $a000586246 100 $a20130625d2010----km-y0itay50------ba 101 0 $afre$aeng$ager 102 $aIT 105 $aa---||||001yy 200 1 $aChasses aux sorcières et dèmonologie$eentre discours et pratiques (XIV-XVII siècles)$ftextes rèunis par Martine Ostorero, Georg Modestin et Kathrin Utz Tremp 210 $aFirenze$cSismel Edizioni del Galluzzo$d2010 215 $aXXVII, 447 p.$cill.$d21 cm 225 2 $aMicrologus? library$v36 300 $aParte delle relazioni presentate al Convegno tenuto a Losanna nel 2008 410 0$12001$aMicrologus? library$v36 606 0 $aStreghe$xProcesso$zSec. 14.-17.$2BNCF 676 $a940.19 702 1$aOSTORERO,$bMartine 702 2$aMODESTIN,$bGeorg 702 2$aUTZ TREMP,$bKathrin 801 0$aIT$bsalbc$gISBD 912 $a990005862460203316 951 $aX.2.B. 2232$b240813 L.M.$cX.2.B.$d00319804 959 $aBK 969 $aUMA 996 $aChasses aux sorcières et dèmonologie$9839561 997 $aUNISA LEADER 01518nam0-22005171i-450 001 990006622550403321 005 20250612183104.0 035 $a000662255 035 $aFED01000662255 035 $a(Aleph)000662255FED01 100 $a20110511d1989----km-y0itay50------ba 101 0 $aita 102 $aIT 105 $ay---n---001yy 200 1 $aNovant'anni di previdenza in Italia: culture, politiche, strutture$eatti del convegno, Roma, 9-10 novembre 1988$fINPS 210 $aRoma$cINPS$d1989 215 $a410 p.$d24 cm 300 $aPrevidenza Sociale, suppl. al n. 1 (gennaio-febbraio 89) 676 $a344$v11$zita 710 02$aIstituto nazionale della previdenza sociale$0102615 801 0$aIT$bUNINA$gRICA$2UNIMARC 901 $aBK 912 $a990006622550403321 952 $a361.6 INPS 01$b2025/617$fFLFBC 952 $aXV R 527$fDTE 952 $aX B 33$b13216$fFSPBC 952 $aCong. N 17$b19855*$fFGBC 952 $aD 262$bs.i.$fDSS 952 $aVI H 323$bdono 1430$fDDA 952 $aSE 098.05.04-1$b2750$fDECSE 952 $aSE 098.05.04-2$b2751$fDECSE 952 $aM/4.25 INP$b7760$fSES 952 $a5-4-10--RA$bomaggio$fECA 952 $aI3.116$bdono$fDECTS 959 $aFLFBC 959 $aDSS 959 $aFSPBC 959 $aDDA 959 $aFGBC 959 $aDECSE 959 $aDTE 959 $aSES 959 $aECA 959 $aDECTS 996 $aNovant'anni di previdenza in Italia: culture, politiche, strutture$933481 997 $aUNINA